00482nam a22001577a 4500020000800000040001600008082001700024100001400041245008300055250001200138260003800150300001200188942001200200999001900212952009300231 qPB. cFIZZA ISHAQ a530.078bBOL aBOLTON,W. aPHYSICS EXPERIMENTS & PROJECTS — Volume 2: Waves and Particles /cW. BOLTON. a1ST ED. aNEW YORK:bPERGAMON PRESS,c1968. a97 P. ; 2ddccBK c615360d615360 00102ddc4070aNQCbNQCd2025-11-18l0o530.078 BOLpQD-81r2025-11-18w2025-11-18yBK